Words Ending in ETTE Quiz Stats

 Plays Quiz Updated Jul 8, 2017

Support Sporcle.
Go Orange.
Score 0/32 Timer 08:00
0 Plays Today
Clue Word % Correct
A dark-haired womanbrunette
94.5%
Rectangular gem cut, or French breadbaguette
89.7%
Actress Davis or Midler, e.g.Bette
89.2%
Old-school audio tape formatcassette
88.6%
Smokable stick filled with tobaccocigarette
86.2%
Popular shaving brand or NE Patriots stadiumGillette
86%
Rules 'system' that tells you which fork to useetiquette
83.6%
Folded egg dishomelette
83.2%
Sports car made by Chevy since 1953Corvette
82.1%
Party thrown for the bride before the weddingbachelorette
80.3%
Casino game with 0 and 00 spacesroulette
79.1%
Hand-held color mixing tool for an artistpalette
75.2%
To spin on your toe as a ballerinapirouette
75%
A stringed puppet like Howdy Doody marionette
74.2%
Dark outline against a light backgroundsilhouette
71.8%
Common name for a newspapergazette
71.2%
Clue Word % Correct
Washateria or similar clothes-washing businesslaunderette
70%
Hair claspbarrette
69%
Sole blue female friend of Papa, Brainy and GrumpySmurfette
67%
Frankie's beach girl FunicelloAnnette
65.1%
Elizabeth Cady Stanton or Susan B. Anthony, e.g.suffragette
62.4%
Small area for casual meals near the kitchendinette
61.7%
Narrow glass tube used in a labpipette or cuvette
61.5%
'Ironic' singerAlanis Morissette
59.6%
Famed Radio City Music Hall dancerRockette
57.5%
Baton twirlermajorette
52.6%
Tangy salad dressing or marinadevinaigrette
51.5%
French general in the American RevolutionLafayette
48%
A flirtcoquette
45%
School in Wisconsin, or the explorer it's named forMarquette
44.6%
Colbert of 'It Happened One Night'Claudette
43.3%
Sheridan of 'Desperate Housewives'Nicollette
40.2%

You're not logged in!

Compare scores with friends on all Sporcle quizzes.
OR
Log In
Forgot?

From the Vault

States That Border Tennessee

by csauburn

This state has an abundance of double letters. Almost too many if you ask us.
Remove Ads.
Support Sporcle.
Get the best of Sporcle when you Go Orange. This ad-free experience offers more features, more stats, and more fun while also helping to support Sporcle. Thank you for becoming a member.

Show Comments

Extras

Top Quizzes Today


Score Distribution

Your Account Isn't Verified!

In order to create a playlist on Sporcle, you need to verify the email address you used during registration. Go to your Sporcle Settings to finish the process.

Report this User

Report this user for behavior that violates our Community Guidelines.

Details: